| 000 | 00537nam a2200217Ia 4500 | ||
|---|---|---|---|
| 003 | OSt | ||
| 005 | 20220928142352.0 | ||
| 006 | a|||||r|||| 00| 0 | ||
| 007 | ta | ||
| 008 | 220927b |||||||| |||| 00| 0 eng d | ||
| 024 | _a19321 | ||
| 037 | _cTextual | ||
| 040 |
_aSDCL _cSDCL _beng |
||
| 041 |
_2eng _aeng |
||
| 082 | _aP152v, L3 | ||
| 100 |
_aMishra Vindhumadhav _9503367 |
||
| 245 | 0 | _aHindi Bhasa ka prichay. | |
| 260 | _c1973 | ||
| 942 |
_hP152v, L3 _cTEXL _2CC |
||
| 999 |
_c821522 _d821522 |
||